Celebrity by emoji - Statistics

General Stats
  • This quiz has been taken 32 times
  • The average score is 7 of 15
Answer Stats
Emojis Answer % Correct
πŸ§’πŸ»βš½7οΈβƒ£πŸ‡΅πŸ‡Ή Cristiano Ronaldo
92%
πŸƒβš‘πŸŒŽπŸ₯‡ Usain Bolt
71%
πŸ§‘πŸΏβ€πŸ¦±πŸ€πŸ’ͺ🏽πŸ”₯πŸ‘‘ LeBron James
67%
πŸŽ€πŸ•ΊπŸ§€πŸ•ΆοΈβœ¨ Michael Jackson
67%
πŸ΄β€β˜ οΈπŸŽ¬πŸ•ΆοΈπŸ§”πŸ–€ Johnny Depp
63%
πŸ‘±πŸΌπŸŽ₯🎬🚒 Leonardo Di Caprio
63%
πŸ§“πŸ§ πŸ§‘β€πŸ”¬ Albert Einstein
54%
πŸ˜„πŸ•·οΈπŸŽ¬πŸ‡³πŸ‡± Tom Holland
46%
πŸš€πŸ§ πŸ€–πŸš—πŸ¦πŸ’Ό Elon musk
38%
πŸ‘΄πŸ‡ΊπŸ‡ΈπŸ’ΌπŸ›οΈ Joe Biden
33%
πŸŽ€πŸ“ΊπŸ‘©πŸΎβ€πŸ¦±βœ¨πŸ’– Oprah Winfrey
25%
πŸ‘©πŸŽ€β˜οΈπŸŽ€πŸŽΆπŸ’— Ariana Grande
21%
πŸŽ€πŸ‘©πŸ»πŸ˜ˆπŸŸ© Billie Eilish
17%
πŸŽ€πŸ§’πŸ’°πŸŽΆπŸ”₯ Kanye West
8%
πŸ‘©πŸΌπŸŽ¬πŸ’„βœ¨πŸŽ€πŸƒ Margot Robbie
8%
No matching quizzes found
Score Distribution
Percent of People with Each Score
Percentile by Number Answered
Your Score History
You have not taken this quiz